00382nam a2200145Ia 4500003000400000008004100004040001600045082001600061100002500077245005800102260003400160300001000194650002000204650001200224GCL140319s9999 xx 000 0 eng d aGCL / cGCL04a152.41bL A1 aLAVIE, JEAN - CLAUDE10aL'AMOUR EST UN CRIME PARFAIT / cLAVIE, JEAN - CLAUDE a[S.N] : bGALLIMARD ، c1997 a210 P04aLOVE PSYCHOLOGY04aEMPATHY